| 000 | 00421nam a22001697a 4500 | ||
|---|---|---|---|
| 003 | OSt | ||
| 008 | 231016b |||||||| |||| 00| 0 eng d | ||
| 020 | _a9781543346312 | ||
| 082 | _a615.58 CHC | ||
| 100 | _aCHAUDHARY,PREETI | ||
| 245 | _aCURRENT TRENDS IN PHARMACPTHERAPEUTICS | ||
| 260 |
_aJANENDER _bS.VIKAS _c2022 |
||
| 300 | _a284 | ||
| 650 | _aPHARMACPTHERAPEUTICS | ||
| 700 | _aPINGALE,RUPESH | ||
| 942 |
_2ddc _cBK |
||
| 999 |
_c12095 _d12095 |
||